000 00483nam a2200181Ia 4500
005 20250603145644.0
008 250603s9999 xx 000 0 und d
020 _a978-1032139739
050 _aP 306.93 .S37/
100 _aSasamoto, Ryoko
245 0 _aRelevance and Text- on- Screen in Audiovisual Translation: The Pragmatics of Creative Subtitling
260 _aNew York
260 _bRoutledge
260 _c2024
300 _a181 p
650 _aNew York
942 _cBK
999 _c42469
_d42469